Welcome to the Holygrace Academy Library

Please use search bar below to get started

FAMOUS STORIES FROM THE BIBLE (Record no. 5255)

MARC details
000 -LEADER
fixed length control field 00314nam a22001337a 4500
020 ## - INTERNATIONAL STANDARD BOOK NUMBER
ISBN 978-81-8451-063-8
082 ## - DEWEY DECIMAL CLASSIFICATION NUMBER
Classification number 200
Item number VED/ B
100 ## - MAIN ENTRY--AUTHOR NAME
Personal name PRAKASH, VED
245 ## - TITLE STATEMENT
Title FAMOUS STORIES FROM THE BIBLE
260 ## - PUBLICATION, DISTRIBUTION, ETC. (IMPRINT)
Place of publication DELHI
Name of publisher DREAMLAND PUBLICATIONS
Year of publication 2007
300 ## - PHYSICAL DESCRIPTION
Number of Pages 271
650 ## - SUBJECT ADDED ENTRY--TOPICAL TERM
Topical Term RELIGIOUS
Geographic subdivision INDIA
942 ## - ADDED ENTRY ELEMENTS (KOHA)
Koha item type Books
Holdings
Withdrawn status Lost status Collection code Home library Current library Shelving location Date acquired Source of acquisition Full call number Accession Number Koha item type
    Non-fiction Main Library Main Library SHELF 15 C-RELIGIOUS 19/05/2010 purchase 200 VED/ B 05135 Books